Russian Cities A-Z - Statistics

General Stats
  • This quiz has been taken 60 times
  • The average score is 12 of 21
Answer Stats
Clue City % Correct
M Russia's capital city Moscow
94%
S Largest coastal city, known for the Hermitage Museum Saint Petersburg
87%
N Largest city in Siberia—its name even means "New Siberia" Novosibirsk
85%
K Russian exclave city near Poland and Lithuania, previously called Königsberg by the Germans Kaliningrad
81%
V Previously named Stalingrad, it was the site of a major battle during WWII Volgograd
81%
Y Known as Sverdlovsk from 1924–1991 Yekaterinburg
79%
O City at the confluence of the Om and Irtysh rivers Omsk
77%
P Also the name of a curly hairstyle Perm
75%
R City on the Don River Rostov-on-Don
74%
C City impacted by a meteor explosion in February 2013 Chelyabinsk
68%
G Capital of the controversial Chechen Republic Grozny
60%
U City established by Ivan the Terrible in 1574 Ufa
60%
B Means "White city" just like Serbia's capital of Belgrade Belgorod
55%
A City on the Volga River delta Astrakhan
49%
I Capital of Udmurtia, known for having a high redhead population Izhevsk
42%
T Second largest city in the Samara Oblast—AvtoVAZ headquarters Tolyatti
38%
L Like Leipzig, this city's name derives from linden trees Lipetsk
36%
E Capital of the Republic of Kalmykia Elista
25%
D City 35 kilometers west of Nizhny Novgorod {Dzer}zhinsk
23%
Z Steel manufacturing city on the Ay River, west of city C {Zla}toust
19%
F Scientific town northeast of Russia's capital {Frya}zino
11%
No matching quizzes found
Score Distribution
Percent of People with Each Score
Percentile by Number Answered
Your Score History
You have not taken this quiz